Πλάτωνος Φαίδρος : (ή περί καλού, ηθικός) ; Πλάτωνος Θεαίτητος : (ή περί επιστήμης, πειραστικός) ; Πλάτωνος Μενέξενος : (ή επιτάφιος ηθικός)

Αποθηκεύτηκε σε:
Λεπτομέρειες βιβλιογραφικής εγγραφής
Κύριος συγγραφέας: Πλάτων, 428 ή 7-348 ή 7 π.Χ
Άλλοι συγγραφείς: Παππάς, Στέφανος Χ. (Μεταφραστής), Δημόπουλος, Τάκης Ν., 1918-1949 (Μεταφραστής), Ελεοπούλου, Καλλιρόη (Συγγραφέας εισαγωγής κ.λπ., trlf)
Μορφή: Βιβλίο
Γλώσσα:Greek
Δημοσίευση: Αθήνα : Πάπυρος, 1925-1949.
Θέματα:
Ετικέτες: Προσθήκη ετικέτας
Δεν υπάρχουν, Καταχωρήστε ετικέτα πρώτοι!

MARC

LEADER 00000cam a2200000 i 4500
001 1/53646
008 941103m19251949gr | ||| |||| ||gre||
035 |a 1994  |c ΔΩΡΕΑ  |l 10044763 
040 |a GR-MyUA  |b gre  |e AACR2 
041 0 |a gre 
082 0 |a 180.938 
100 0 |a Πλάτων,   |d 428 ή 7-348 ή 7 π.Χ. 
245 1 0 |a Πλάτωνος Φαίδρος : (ή περί καλού, ηθικός) ; Πλάτωνος Θεαίτητος : (ή περί επιστήμης, πειραστικός) ; Πλάτωνος Μενέξενος : (ή επιτάφιος ηθικός) /   |c Πλάτων.  
260 |a Αθήνα :   |b Πάπυρος,   |c 1925-1949.  
300 |a 1 τ. 
500 |a Πλάτωνος Φαίδρος / αρχαίον κείμενον εισαγωγή-μετάφρασις-σημειώσεις Στεφ. Χ. Παππά. - Πλάτωνος Θεαίτητος / αρχαίον κείμενον εισαγωγή-μετάφρασις-σημειώσεις Τάκη Δημόπουλου. - Πλάτωνος Μενέξενος / αρχαίον κείμενον εισαγωγή-μετάφρασις-σημειώσεις Καλλιρόης Ελεοπούλου.  
500 |a Δεμένα σε 1 τ.: Πλάτωνος Φαίδρος (2 τ.), 1949. - Πλάτωνος Θεαίτητος (2 τ.), 1925-1949. - Πλάτωνος Μενέξενος (....σ.), 1938. 
650 0 0 |a Philosophy, Ancient. 
700 1 |a Παππάς, Στέφανος Χ.  |e trl 
700 1 |a Δημόπουλος, Τάκης Ν.,   |d 1918-1949,  |e trl 
700 1 |a Ελεοπούλου, Καλλιρόη,  |e trlf  |e aui 
852 |a INST  |b SAMOS  |e 19941103  |h 180.938 ΠΛΑ  |p 005300000293  |q 005300000293  |t BK  |y 0 
909 |a Σ  |b 034119